00685nam a2200205Ia 4500003000400000005001700004008004100021040001800062041000800080082002100088100003200109245005100141250001200192260003600204300002400240440000600264942003400270999001900304952015600323OSt20250128094442.0210716s1960 xx 000 0 und d cAIMIT LIBRARY aeng a808.83 21bSAND aSanderson, Douglas.9195713 aCatch a fallen starlet /cBy Douglas Sanderson a1st ed. aNew York :bAvon Books ;c1960. a157p. ;bPBc17 cm. v6 2ddccBKe1st ed.k808.83 SAND c199956d199956 00102ddc40708MBAaAIMITbAIMITd2021-07-16iBill no:; Bill dt:1900-01-00l1o808.83 SANDpMBA02521r2026-05-23 00:00:00s2025-09-24w2021-07-16yBK